| 000 | 00712nam a22002177a 4500 | ||
|---|---|---|---|
| 999 |
_c1563 _d1563 |
||
| 001 | 9736 | ||
| 003 | BD-DhUAP | ||
| 005 | 20200210115140.0 | ||
| 008 | 200210s2005 bg ||||| |||| 00| 0 eng d | ||
| 040 |
_aBD-DhUAP _bEng _cBD-DhUAP _dBD-DhUAP |
||
| 082 |
_223 _a346.5492015 ROF |
||
| 100 | _aRofiuddin, Md. | ||
| 245 |
_aThe Muslim family laws ordinance, 1961 : _b(ordinance no. viii of 1961) with up-to-date case rullings / _cMd. Rofiuddin. |
||
| 250 | _a1st ed. | ||
| 260 |
_aDhaka : _bKhoshroz Kitab Mahal, _c2005. |
||
| 300 |
_a[15], 115 pages ; _c21 cm. |
||
| 490 | _aKhoshroz English law series. | ||
| 650 |
_aDomestic relations _zBangladesh. |
||
| 650 | _aDomestic relations (Islamic law). | ||
| 942 |
_2ddc _cBK |
||